000 01133cam a2200337 i 4500
001 20963671
003 OSt
005 20250129093057.0
008 190506m20199999ke a f000 0ceng
010 _a 2019350238
020 _a9789966194718
040 _aDLC
_beng
_erda
_cDLC
042 _alcode
_apcc
043 _af-ke---
050 0 0 _aHQ1796.5
_b.P56 2019
082 _a3262.k4
245 0 0 _aPioneers and transformers :
_bthe journeys of women trailblazers in Kenya /
_ceditor, Enid Mukiri.
246 3 0 _aJourneys of women trailblazers in Kenya
264 1 _aNairobi :
_bKenya Yearbook Editorial Board,
_c2019.
300 _avolumes :
_bcolor illustrations ;
_c25 x 35 cm.
336 _atext
_btxt
_2rdacontent
337 _aunmediated
_bn
_2rdamedia
338 _avolume
_bnc
_2rdacarrier
490 0 _aKenya Yearbook Editorial Board biography series ;
_vvolume 1
650 0 _aWomen
_zKenya
_vBiography.
700 1 _aMukiri, Enid,
_eeditor.
710 2 _aKenya Yearbook Editorial Board.
906 _a7
_bcbc
_corigode
_d2
_encip
_f20
_gy-gencatlg
942 _2ddc
_cBK
999 _c4048
_d4048